Bailey and Scotts diagnostic microbiology. Ed 11 (Record no. 115467)

MARC details
000 -LEADER
fixed length control field 00482nam a2200157Ia 4500
008 - FIXED-LENGTH DATA ELEMENTS--GENERAL INFORMATION
fixed length control field 210210b2002 xxu||||| |||| 00| 0 eng d
082 ## - DEWEY DECIMAL CLASSIFICATION NUMBER
Classification number 616.01 FORB
100 ## - MAIN ENTRY--PERSONAL NAME
Personal name FORBES (Betty A) and Others.
245 ## - TITLE STATEMENT
Title Bailey and Scotts diagnostic microbiology. Ed 11
250 ## - EDITION STATEMENT
Edition statement
260 ## - PUBLICATION, DISTRIBUTION, ETC.
Place of publication, distribution, etc. Missouri
Name of publisher, distributor, etc. Mosby
Date of publication, distribution, etc. 2002
300 ## - PHYSICAL DESCRIPTION
Extent xvii,1069
650 ## - SUBJECT ADDED ENTRY--TOPICAL TERM
Topical term or geographic name entry element Diagnostic Microbiology Clinical Bacteriology Parasitology Mycology Virology
690 ## - LOCAL SUBJECT ADDED ENTRY--TOPICAL TERM (OCLC, RLIN)
Topical term or geographic name as entry element Medical Microbiology
906 ## - LOCAL DATA ELEMENT F, LDF (RLIN)
a SG04911
Holdings
Withdrawn status Lost status Damaged status Not for loan Collection code Home library Current library Shelving location Date acquired Source of acquisition Cost, normal purchase price Total Checkouts Full call number Barcode Date last seen Date last checked out Price effective from Koha item type
          St Aloysius Library St Aloysius Library   02/17/2021 Sapna Infoway Pvt Ltd Bangalore-9 4320.00 1 616.01 FORB SG04911 04/06/2022 04/04/2022 02/17/2021 Special Grants